| 000 -LEADER |
| fixed length control field |
00702nam a2200229Ia 4500 |
| 020 ## - INTERNATIONAL STANDARD BOOK NUMBER |
| ISBN |
0021440107 (gr. 1) |
| 020 ## - INTERNATIONAL STANDARD BOOK NUMBER |
| ISBN |
0021441200 (gr. 1, T.E.) |
| 020 ## - INTERNATIONAL STANDARD BOOK NUMBER |
| ISBN |
0021440603 (gr. 6) |
| 020 ## - INTERNATIONAL STANDARD BOOK NUMBER |
| ISBN |
0021441707 (gr. 6, T.E.) |
| 040 ## - CATALOGING SOURCE |
| Transcribing agency |
CSU |
| 082 ## - DEWEY DECIMAL CLASSIFICATION NUMBER |
| Classification number |
910 MAC 1990 A101 Or. |
| 245 04 - TITLE STATEMENT |
| Title |
The World around us / |
| 260 ## - PUBLICATION, DISTRIBUTION, ETC. (IMPRINT) |
| Place of publication |
New York : |
| Name of publisher |
Macmillan Pub. Co., |
| Year of publication |
c1990 |
| 300 ## - PHYSICAL DESCRIPTION |
| Number of Pages |
7 v. : |
| Other physical details |
col. ill., col. maps ; |
| Dimensions |
27 cm. + |
| Accompanying material |
7 teacher's editions (31 cm.) |
| 500 ## - GENERAL NOTE |
| General note |
For grades K-6 |
| 650 #0 - SUBJECT ADDED ENTRY--TOPICAL TERM |
| Topical Term |
Social sciences |
| 650 #0 - SUBJECT ADDED ENTRY--TOPICAL TERM |
| Topical Term |
Social sciences |
| 700 10 - ADDED ENTRY--PERSONAL NAME |
| Personal name |
Beyer, Barry K., |
| 710 20 - ADDED ENTRY--CORPORATE NAME |
| Corporate name or jurisdiction name as entry element |
Macmillan Publishing Company |
| 710 20 - ADDED ENTRY--CORPORATE NAME |
| Corporate name or jurisdiction name as entry element |
Macmillan/McGraw-Hill School Publishing Company |
| 942 ## - ADDED ENTRY ELEMENTS (KOHA) |
| Koha item type |
សៀវភៅភាសាអង់គ្លេស |
| 952 ## - LOCATION AND ITEM INFORMATION (KOHA) |
| Withdrawn status [LOCAL, KOHA] |
0 |
| 952 ## - LOCATION AND ITEM INFORMATION (KOHA) |
| Withdrawn status [LOCAL, KOHA] |
0 |